States that voted for Bernie Sanders - Statistics

General Stats
  • This quiz has been taken 97 times
    60 since last reset
  • The average score is 16 of 21
Answer Stats
Answer % Correct
Vermont
91%
Oregon
87%
Washington
87%
Maine
85%
Montana
82%
New Hampshire
82%
Michigan
80%
Kansas
78%
Minnesota
78%
North Dakota
78%
Wyoming
78%
Idaho
76%
Utah
76%
West Virginia
76%
Colorado
75%
Indiana
75%
Nebraska
75%
Wisconsin
75%
Alaska
73%
Oklahoma
71%
Rhode Island
71%
No matching quizzes found
Score Distribution
Percent of People with Each Score
Percentile by Number Answered
Your Score History
You have not taken this quiz since the last reset